书目信息 |
| 题名: |
中国现代文学研究丛刊
|
|
| 作者: | ;高校中国现代文学研究会 , 北京出版社 编 | |
| 分册: | 一九七九年 | |
| 出版信息: | 北京 北京出版社 1979 |
|
| 页数: | 302页 | |
| 开本: | 20cm | |
| 丛书名: | ||
| 单 册: | ||
| 中图分类: | I206.6 | |
| 科图分类: | ||
| 主题词: | 文学--中国 | |
| 电子资源: | ||
| ISBN: | ||
| 000 | 00760nam0 2200241 45 | |
| 001 | 0179001747 | |
| 005 | 20040421151021.8 | |
| 010 | @dCNY0.74 | |
| 091 | @a10071.250 | |
| 100 | @a19950719d1979 em y0chiy0121 ea | |
| 101 | 0 | @achi |
| 102 | @aCN@b110000 | |
| 105 | @ay z 000zy | |
| 106 | @ar | |
| 200 | 10 | @a中国现代文学研究丛刊@Azhong guo xian dai wen xue yan jiu cong kan@h一九七九年@h第一辑@f高校中国现代文学研究会,北京出版社编 |
| 210 | @a北京@c北京出版社@d1979 | |
| 215 | @a302页@d20cm | |
| 606 | 0 | @a文学@x中国 |
| 690 | @aI206.6 | |
| 711 | 02 | @a高校中国现代文学研究会@Agao xiao zhong guo xian dai wen xue yan jiu hui@4编 |
| 711 | 02 | @a北京出版社@Abei jing chu ban she@4编 |
| 801 | 0 | @aCN@bNLC@c20040421 |
| 905 | @f1@b53916@dI206.6@e10:1@b53918@f1 | |
| 中国现代文学研究丛刊.一九七九年.第一辑/高校中国现代文学研究会,北京出版社编.-北京:北京出版社,1979 |
| 302页;20cm |
| ISBN :CNY0.74 |
| ● |
| 相关链接 |
|
|
|
|
正题名:中国现代文学研究丛刊
索取号:I206.6/10:1
 
预约/预借
| 序号 | 登录号 | 条形码 | 馆藏地/架位号 | 状态 | 备注 |
| 1 | 0053916 | 000721240 | 密集书库/ [索取号:I206.6/10:1] | 在馆 | |
| 2 | 0053918 | 000721231 | 第二借阅区/ [索取号:I206.6/10:1] | 在馆 |